000
00324nam a2200121Ia 4500
008
210430s9999 xx 000 0 und d
020
_a
0-7185-1268-5
082
_a
355.0335 D576D
100
_a
G.M. Dillon
_9
54591
245
_a
Defence Policy Making A Comparative Analysis
_c
G.M. Dillon
300
_a
176
942
_c
BK
_2
ddc
999
_c
565217
_d
565217